Score 0/50 Timer 10:00
2 Plays Today
Question Answer % Correct
Science???
100%
Science???
98.4%
Science???
98.4%
Science???
98.4%
Science???
98.3%
Colors of the Flag???
98.3%
Dr. Seuss title by initial???
98.2%
Colors of the Flag???
98.1%
Team Abbrv.???
98.1%
Dr. Seuss title by initial???
98.1%
Dr. Seuss title by initial???
98.1%
Colors of the Flag???
98.1%
Colors of the Flag???
98.1%
Book by author and year published ???
98.1%
Colors of the Flag???
98%
Dr. Seuss title by initial???
98%
Dr. Seuss title by initial???
98%
Team Abbrv.???
98%
Team Abbrv.???
98%
Team Abbrv.???
98%
Team Abbrv.???
98%
Book by author and year published ???
98%
Book by author and year published ???
98%
Book by author and year published ???
97.9%
Book by author and year published ???
97.9%
Question Answer % Correct
Science???
75.8%
Colors of the Flag???
72%
Science???
70.2%
Dr. Seuss title by initial???
65.5%
Book by author and year published ???
65%
Science???
64.4%
Colors of the Flag???
63.7%
Dr. Seuss title by initial???
62.1%
Dr. Seuss title by initial???
54.1%
Book by author and year published ???
52.8%
Dr. Seuss title by initial???
50.8%
Colors of the Flag???
48.7%
Team Abbrv.???
47%
Book by author and year published ???
40.8%
Team Abbrv.???
39.5%
Team Abbrv.???
38.5%
Book by author and year published ???
38.3%
Science???
37.1%
Science???
36.8%
Dr. Seuss title by initial???
35.7%
Team Abbrv.???
35.4%
Team Abbrv.???
32.4%
Book by author and year published ???
29.5%
Colors of the Flag???
24.1%
Colors of the Flag???
20.2%

You're not logged in!

Compare scores with friends on all Sporcle quizzes.
OR
Log In

Sporcle TV

Today on Sporcle TV


Watch our educational content, quiz creation guides, and fun videos on Sporcle TV.

Show Comments

Extras

Top Quizzes Today


Score Distribution

Paid Content

Your Account Isn't Verified!

In order to create a playlist on Sporcle, you need to verify the email address you used during registration. Go to your Sporcle Settings to finish the process.

Report this User

Report this user for behavior that violates our Community Guidelines.

Details: